000
00237nam a2200097Ia 4500
008
190216s9999||||xx |||||||||||||| ||und||
100
_a
Dr.Kurup Ng
245
0
_a
Crestasian Antha Sraviyam
260
_b
Kerala Bhasha Institute
942
_c
BK
999
_c
37606
_d
37606